| 000 | 01208nam a2200289 a 4500 | ||
|---|---|---|---|
| 008 | 211221s2020 ade|fr|||| 001 0 spa d | ||
| 020 | _aS/D | ||
| 041 | _aspa | ||
| 092 |
_c720 _l6 _sBER |
||
| 100 | 1 |
_aBertoni, Mario Raul. _94151 |
|
| 245 |
_aArquitectura y salud. _bFundamentos básicos para estudiantes y profesionales de ambas disciplinas / _cMario Raul Bertoni |
||
| 250 | _a1a ed. | ||
| 260 |
_aNeuquén: _bBiblos Gráfica; _c2021. |
||
| 300 |
_a382 p. _bil. |
||
| 500 | _aBertoni, M. R. (2021). Arquitectura y salud. Fundamentos básicos para estudiantes y profesionales de ambas disciplinas. (1a ed.). Neuquén : Biblos Gráfica. | ||
| 590 | _aDonación diciembre 2021. | ||
| 653 | 3 | _aLa psícologia fundamental de las percepciones | |
| 653 | 3 | _aLa valoración estética de las percepciones puras | |
| 653 | 4 | _aLos medios de expresión de la arquitectura | |
| 653 | 3 | _aLa expresión arquitectónica | |
| 653 | 3 | _aLa estética de la textura | |
| 653 | 3 | _aLa expresión visual y su función de la construcción | |
| 653 | 3 | _aLa expresión visual del material | |
| 653 | _aPercepción, expresión y emoción | ||
| 653 | 3 | _aLa experiencia arquitectónica del recinto | |
| 942 |
_2ddc _cBK |
||
| 999 |
_c3118 _d3118 |
||